| 000 | 00545nam a22002057a 4500 | ||
|---|---|---|---|
| 999 |
_c8098 _d8098 |
||
| 003 | OSt | ||
| 005 | 20230321102357.0 | ||
| 008 | 141120b xxu||||| |||| 00| 0 eng d | ||
| 020 | _a043545370x | ||
| 040 | _cDNLM | ||
| 082 | _aW84.6L576n 2005 | ||
| 245 |
_aHealth and social care / _bEditor : Neil Moonie |
||
| 250 | _a3rd ed. | ||
| 260 |
_aUnited kingdom : _bHeinemann ; _c2005. |
||
| 300 |
_avi, 498 p : _bill ; _c28 cm |
||
| 504 | _aincludes index | ||
| 650 |
_aHealth care _912 |
||
| 700 |
_4Editor _aMoonie Neil _92088 |
||
| 942 |
_2z _cO_SHELF |
||